000 00668nam a2200193 a 4500
001 000036462
005 20200930075738.0
008 120118s1972 mx 000 0 spa d
040 _aDO-SdBNP
_bspa
_cBNPHU
082 _axxxx
_bR934c
100 1 _aRuíz de Alarcón, Juan
_962680
245 1 0 _aCuatro comedias /
_cJuan Ruíz Alarcón ; estudio, texto y comentarios de Antonio Castro Leal.
250 _a8a ed.
260 _aMéxico :
_bPorrúa,
_c1972.
300 _a206 p ;
_c22 cm.
490 1 _a"Sepan cuantos..."
_v10
505 0 _tLas paredes oyen --
_tLa verdad sospechosa --
_tLos pechos privilegiados --
_tGanar amigos
830 0 _a"Sepan cuantos..."
_v10
_912886
999 _c35953
_d35953